Lesklejšia koruna kráľovnej polí Rast úrod kukurice vo Východoslovenskom kraji

Podrobná bibliografia
Hlavní autori: Vilinský, Tomáš (Autor), Sloboda, Aurel, 1947- (Autor)
Médium: Článok
Jazyk:slovenčina
Predmet:

MARC

LEADER 00000nab a2200000 a 4500
001 vtls000202279
003 SK-MaSNL
005 20260305042442.0
008 111130c1984 xo 0 slo
015 |a SNBRB19rr/mm-uuuuu 
035 |a CL0212392 
040 |a SNKBUCL  |b slo  |c SNKBUCL  |e AACR2 
041 0 |a slo 
044 |a xo  |c SK 
080 |a 633.15  |2 1981 
100 1 |a Vilinský, Tomáš  |4 aut  |9 933763 
245 1 0 |a Lesklejšia koruna kráľovnej polí  |b Rast úrod kukurice vo Východoslovenskom kraji  |c Tomáš Vilinský, Aurel Sloboda 
650 0 7 |a kukurica na zrno  |2 snkbucl  |9 920524 
651 7 |a 5400  |2 snkbucl  |9 279426 
651 7 |a Východoslovenský kraj (Slovensko)  |2 snkbucl  |9 161537 
655 7 |a články z novín a časopisov  |2 snkbucl  |9 267496 
700 1 |a Sloboda, Aurel,  |d 1947-  |4 aut  |9 219382 
773 0 |t Pravda  |g Roč. 65, č. 272 (16. 11. 1984), s. 5 
850 |a Slovenská národná knižnica v Martine  |a MTA001 
852 |a SNK  |b KIS3GCP 
958 |a RK 
992 |a RBX 
999 |c 3349219  |d 3351149